[Event "Budapest Spring Festival 2018"]
[Site "Budapest"]
[Date "2018.04.21"]
[Round "4"]
[White "Kulaots, Kaido"]
[Black "Christiansen, Johan-Sebastian"]
[Result "1-0"]
[WhiteElo "2578"]
[BlackElo "2498"]
[Annotator "TA RC"]
[PlyCount "65"]
[EventDate "2018.??.??"]
[EventType "swiss"]
[EventCountry "HUN"]
[SourceTitle "playchess.com"]
[Source "ChessBase"]
[SourceQuality "1"]

{[%evp 29,65,10,20,30,26,37,37,23,37,37,38,36,281,279,389,368,377,375,359,367,429,433,401,406,451,431,431,429,487,493,506,504,556,517,629,615,739,730]} 1. e4 e6 2. d4 d5 3. Nc3 Nf6 4. e5 Nfd7 5. f4 c5 6. Nf3 Nc6 7. Be3 {[%cal Bc1e3,Be3d4,Bd4b6][%mdl 32]} cxd4 8. Nxd4 Qb6 9. Qd2 Qxb2 10. Rb1 Qa3 11. Bb5 Nxd4 {C11: French: Classical System: 4 e5 and 4 Bg5 dxe4} 12. Bxd4 a6 13. Bxd7+ (13. Rb3 Qe7 14. Ba4 Qd8 15. Bb6 Qh4+ 16. g3 Qg4 17. O-O Be7 18. f5 O-O 19. Rf4 {0-1 (68) Topalov,V (2749)-Grischuk,A (2761) Paris 2017}) 13... Bxd7 14. Rb3 Qe7 15. Rxb7 Qd8 {LiveBook: 20 Games} 16. Bb6 Qc8 17. Rc7 Qd8 $146 18. Qd4 Ba3 19. Nb1 Be7 20. c4 {[%cal Bc2c4,Bc4c5][%mdl 32]} Bb4+ $2 (20... Rc8 $14 21. Rb7 Bb4+ 22. Kf2 Qh4+ 23. g3 Qg4) 21. Kf2 $18 Rc8 22. Rxc8 Qxc8 {[#]} 23. c5 $1 a5 24. a3 O-O 25. axb4 axb4 26. Nd2 f6 27. Re1 {White is clearly winning.} fxe5 28. Rxe5 Qa6 29. Qxb4 Qd3 30. Nf3 Bb5 31. Re1 Ra8 32. Qb2 Qc4 {Threatening ...Ra2.} 33. Qe5 {Precision: White = 100%, Black = 23%.} 1-0

[Event "Budapest Spring Festival 2018"]
[Site "Budapest"]
[Date "2018.04.21"]
[Round "4"]
[White "Donchenko, Alexander"]
[Black "Nagy, Gabor"]
[Result "1/2-1/2"]
[WhiteElo "2574"]
[BlackElo "2481"]
[Annotator "TA"]
[PlyCount "50"]
[EventDate "2018.??.??"]
[EventType "swiss"]
[EventCountry "HUN"]
[SourceTitle "playchess.com"]
[Source "ChessBase"]
[SourceQuality "1"]

{[%evp 24,50,58,52,60,48,64,55,52,59,54,54,84,71,93,100,87,62,87,79,94,50,50,45,61,63,61,45,41]} 1. d4 Nf6 2. c4 g6 3. Nc3 Bg7 4. e4 d6 5. f3 O-O 6. Be3 b6 7. Qd2 c5 8. d5 e6 9. Nge2 {[%cal Bg1e2,Be2g3,Bg3h1,Bh1f2,Bf2h3,Bh3f4,Bf4h5][%mdl 32]} exd5 {E82: King's Indian: Sämisch: 6...b6} 10. cxd5 a6 11. a4 Nbd7 12. Ng3 h5 13. Be2 $1 {LiveBook: 6 Games} Nh7 (13... h4 14. Nf1 Nh7 15. Bh6 Bd4 16. Ne3 Re8 17. Nc2 Bh8 18. O-O {1-0 (55) Bruzon Batista,L (2649)-Martinez Duany,L (2517) Villa Clara 2017}) 14. O-O h4 15. Nh1 f5 16. exf5 gxf5 17. Nf2 $146 Ne5 18. Nh3 Ra7 19. Nf4 Re8 20. Kh1 Qf6 21. Rg1 Ng6 22. Nh5 Qe7 {White is slightly better.} 23. Bf2 Be5 24. f4 Bh8 25. Rae1 {[#] Black must now prevent Bb5.} Qf7 $1 {Precision: White = 72%, Black = 32%.} 1/2-1/2

[Event "Budapest Spring Festival 2018"]
[Site "Budapest"]
[Date "2018.04.21"]
[Round "4"]
[White "Ivanisevic, Ivan"]
[Black "Secheres, Adrian-Simion"]
[Result "1-0"]
[WhiteElo "2562"]
[BlackElo "2377"]
[Annotator "TA"]
[PlyCount "71"]
[EventDate "2018.??.??"]
[EventType "swiss"]
[EventCountry "HUN"]
[SourceTitle "playchess.com"]
[Source "ChessBase"]
[SourceQuality "1"]

{[%evp 17,71,8,19,5,18,15,19,26,18,22,43,25,25,18,41,17,32,13,53,39,42,28,42,25,38,24,41,34,59,55,124,118,118,104,295,66,96,50,193,105,119,22,206,197,197,193,220,222,210,208,317,319,544,538,475,503]} 1. Nf3 d5 2. d4 e6 3. e3 Nf6 4. Bd3 Be7 5. O-O O-O 6. Nbd2 b6 7. b3 Ba6 8. c4 c5 9. Bb2 Nc6 {LiveBook: 4 Games. D05: Colle System with ...e6} 10. dxc5 $146 ({Predecessor:} 10. Ne5 Nxe5 11. dxe5 Nd7 12. f4 Qe8 13. Qe2 Rd8 14. Rf3 f6 15. cxd5 Bxd3 16. Qxd3 exd5 17. Rh3 {0-1 (54) Adly,A (2594)-Savchenko,B (2581) Dubai 2014}) 10... Bxc5 11. Qb1 h6 {The position is equal.} 12. Rd1 Be7 13. a3 Qc8 14. Rc1 {Strongly threatening cxd5.} dxc4 15. Nxc4 Qb7 16. b4 Rfd8 17. Ra2 {Threatens to win with Bxf6.} b5 18. Ncd2 {[%cal Bc4d2,Bd2b3,Bb3c5][%mdl 32] aiming for Bxf6.} Qb6 19. Nb3 Rac8 20. Nc5 Bb7 21. Ba1 Ba8 22. Rac2 Qb8 23. h3 a5 (23... Ne8 $14) 24. bxa5 $16 Nxa5 25. Be5 (25. Qxb5 $2 Qxb5 26. Bxb5 Bxf3 $19) 25... Qa7 $2 {[#]} (25... Qb6 $16) 26. Bd4 $2 (26. Qxb5 Nc6 $14) ({White must play} 26. Nxe6 $1 $18 {[%mdl 512]} Rxc2 (26... fxe6 27. Rxc8) 27. Rxc2) 26... Qb8 27. Ne5 Bd5 {[#]} ({Better is} 27... Nc4 $1 $14 28. Bxc4 (28. Nxc4 Bxc5 29. Nb6 Bxb6 $14) 28... bxc4 29. Qxb8 (29. Rxc4 Qxb1 30. Rxb1 Ne4 $11) 29... Rxb8) 28. Qxb5 ({White should try} 28. Ncd7 $1 $18 {[%cal Rd7b8][%mdl 512]} Qb7 (28... Rxd7 29. Rxc8+) 29. Rxc8 Rxc8 30. Rxc8+ Qxc8 31. Nb6 (31. Qxb5 Nxd7 32. Nxd7 Qc1+ 33. Kh2 Nc6 $16) (31. Bxb5 Qb7 $14)) 28... Qa8 29. Bf1 (29. Na6 $16 {And now Rxc8 would win.} Nb3 30. Rxc8 Rxc8 31. Rxc8+ Qxc8 32. Bb2) 29... Bxc5 $2 (29... Rb8 $11 30. Qe2 Bxc5 31. Bxc5 Nb3) 30. Rxc5 $18 Rxc5 31. Qxc5 ({Weaker is} 31. Bxc5 Nb3 $14) 31... Nb3 {[#]} 32. Qe7 $1 {[%cal Re7f7]} Rf8 33. Rc7 {[%cal Re5f7]} Qe8 (33... Nxd4 {was worth a try.} 34. exd4 Qe8) 34. Ng6 Nxd4 $2 (34... Qxe7 {might work better.} 35. Nxe7+ Kh7) 35. Qxf8+ Qxf8 36. Nxf8 {Precision: White = 42%, Black = 26%.} 1-0

[Event "Budapest Spring Festival 2018"]
[Site "Budapest"]
[Date "2018.04.21"]
[Round "4"]
[White "Maiorov, Nikita"]
[Black "Abdumalik, Zhansaya"]
[Result "0-1"]
[WhiteElo "2543"]
[BlackElo "2443"]
[Annotator "TA"]
[PlyCount "122"]
[EventDate "2018.??.??"]
[EventType "swiss"]
[EventCountry "HUN"]
[SourceTitle "playchess.com"]
[Source "ChessBase"]
[SourceQuality "1"]

{[%evp 12,122,26,22,34,31,31,31,39,37,45,31,29,13,22,14,94,98,90,91,92,78,76,74,71,56,55,56,57,51,49,45,55,58,44,46,100,104,92,0,0,-7,-13,-8,-17,-77,-80,-67,-67,-145,-88,-241,-241,-272,-272,-272,-272,-682,-684,-681,-679,-672,-672,-651,-645,-625,-590,-450,-442,-416,-437,-430,-405,-422,-420,-571,-533,-765,-686,-980,-877,-1115,-1038,-1012,-1004,-1796,-1696,-1783,-1645,-1283,-1280,-29968,-29963,-1809,-29958,-29974,-29975,-29975,-29976,-29976,-29977,-29977,-29978,-29978,-29979,-29979,-29980,-29980,-29980,-29981,-29981,-29981,-29982]} 1. d4 Nf6 2. Nf3 g6 3. Nbd2 d5 4. e3 Bg7 5. b4 O-O 6. c4 c6 {D02: 1 d4 d5 2 Nf3 sidelines, including 2...Nf6 3 g3 and 2...Nf6 3 Bf4} 7. a4 {LiveBook: 28 Games} a6 (7... Bf5 8. Bb2 Ne4 9. Nxe4 Bxe4 10. Nd2 Bf5 11. Be2 Nd7 12. O-O e5 13. cxd5 cxd5 14. Nf3 {½-½ (37) Grachev,B (2628)-Rakhmanov,A (2662) Sochi 2016}) 8. Bb2 Bf5 {White is slightly better.} 9. Be2 Ne4 10. O-O Nd7 11. Nxe4 $146 ({Find the theoretical novelty and annotate with similar games:} 11. Nh4 Nxd2 12. Qxd2 Be6 13. c5 Nf6 14. b5 axb5 15. axb5 {1-0 (59) Bibik,J (2228)-Mindl,J (2029) Pardubice 2014}) 11... dxe4 12. Nd2 {Threatening g4.} e5 13. g4 Be6 (13... exd4 $11 {remains equal.} 14. gxf5 Qg5+ 15. Kh1 d3 16. Bxg7 (16. Nxe4 Qxf5 17. Nd6 dxe2 $14) 16... dxe2 17. Qxe2 Kxg7) 14. Nxe4 $16 exd4 15. Bxd4 Ne5 16. Bxe5 Bxe5 17. Qxd8 Rfxd8 18. Rab1 b5 19. cxb5 cxb5 20. a5 Bd5 21. Bf3 Rac8 22. Rfd1 Kg7 23. Bg2 Ba2 (23... Bxe4 $14 24. Rxd8 Rxd8 25. Bxe4 Rd7) 24. Rxd8 Rxd8 25. Rc1 (25. Rf1 $16) 25... Bb2 $11 26. Re1 Ba3 $36 {[%mdl 2048] Black has good play.} 27. Ra1 {Strongly threatening f4.} Bc4 28. Rb1 {[#]} (28. Rxa3 $11 {keeps the balance.} Rd1+ 29. Bf1 Bxf1 30. Nc3) 28... Bxb4 $1 $17 {[%mdl 512]} 29. Bf1 {Hoping for Bxc4.} (29. Rxb4 Rd1+) 29... Bxa5 30. Nc5 {[#]} (30. Bxc4 $15 bxc4 31. Rc1) 30... Ra8 ({Better is} 30... Bxf1 $1 31. Kxf1 Ra8) 31. Ra1 $2 (31. Bxc4 $17 bxc4 32. Rc1) 31... Bb4 $19 32. Rxa6 Rxa6 33. Nxa6 Bd6 34. Bxc4 $2 (34. g5) 34... bxc4 {[%mdl 4096] Endgame KB-KN} 35. Kf1 Kf6 36. Ke2 Ke5 37. Kd2 Kd5 38. Kc3 Be5+ 39. Kd2 Bxh2 40. Nb4+ Ke4 41. Ke2 Bd6 42. f3+ Ke5 43. Na2 h5 44. gxh5 gxh5 45. f4+ Kd5 46. Kf3 Be7 47. Nc3+ Kc5 48. Ne2 Kb4 49. e4 c3 50. e5 Kc4 51. Ke4 h4 52. Kf3 Kd3 (52... c2 $19 53. f5 Ba3) 53. Nc1+ {Black mates.} Kc2 54. Ne2 Kd2 55. f5 c2 56. Nd4 c1=Q 57. Nb3+ Kc2 58. Nxc1 Kxc1 59. Kg4 Kd2 60. f6 Bf8 61. Kxh4 Ke3 {Precision: White = 51%, Black = 69%.} 0-1

[Event "Budapest Spring Festival 2018"]
[Site "Budapest"]
[Date "2018.04.21"]
[Round "4"]
[White "Antal, Gergely"]
[Black "Paschall, William"]
[Result "1-0"]
[WhiteElo "2534"]
[BlackElo "2363"]
[Annotator "TA"]
[PlyCount "85"]
[EventDate "2018.??.??"]
[EventType "swiss"]
[EventCountry "HUN"]
[SourceTitle "playchess.com"]
[Source "ChessBase"]
[SourceQuality "1"]

{[%evp 22,85,11,11,12,3,18,8,19,4,25,12,78,58,85,86,64,69,64,49,59,50,57,46,70,34,25,0,66,60,95,84,91,91,91,85,125,117,168,132,207,200,195,164,278,229,241,85,100,91,85,101,195,129,186,188,309,317,333,333,458,312,509,490,856,844]} 1. e4 c5 2. Nf3 g6 3. d4 cxd4 4. Qxd4 Nf6 5. Nc3 Nc6 6. Qa4 d6 7. e5 dxe5 8. Nxe5 Bg7 {B27: Sicilian: 2 Nf3, unusual Black 2nd moves} 9. Bb5 O-O 10. Nxc6 bxc6 11. Bxc6 Bd7 12. O-O {LiveBook: 6 Games} Rc8 13. Bxd7 Qxd7 {[#]} 14. Qa3 $146 ({Predecessor:} 14. Qa6 Rb8 15. Rd1 Qf5 16. Qe2 {1-0 (46) Deac,B (2572)-Bakalchuk,J (2391) Minsk 2017}) 14... Qb7 15. Qb3 Qc6 16. h3 Rb8 (16... Nd7 $11 {keeps the balance.}) 17. Qa4 $1 $16 {[%cal Ra4c6]} Qb7 18. Bf4 Rbc8 19. Be5 Rc6 20. Rab1 Rfc8 21. Rfd1 Ne8 22. Bxg7 Kxg7 23. Qb3 Rb6 $1 {[%cal Rb6b3]} 24. Qd5 Rbc6 (24... Qb8 $1 $11) 25. Ne4 $14 Qc7 26. c3 $36 {[%cal Bc2c3,Bc3c4][%mdl 2080] White is on the roll.} h6 27. Qd4+ Nf6 {White must now prevent ...Rc4.} 28. Nxf6 Rxf6 29. Rd2 Rb8 (29... Qc5 $16) 30. Re1 Rb5 (30... a5 $16 31. Re4 Kh7) 31. c4 $18 Rbf5 32. b3 e5 (32... Kh7 {was necessary.} 33. Qc3 a5) 33. Qe3 Qa5 34. Rd5 $2 (34. Red1 $18 {is more deadly.}) 34... Qxa2 $16 {[%cal Rf5f2]} 35. Re2 Qb1+ {[#]} 36. Kh2 $1 h5 {[#]} (36... Rb6 $16) 37. Rdd2 ({Don't do} 37. Rxe5 $6 Rxe5 38. Qxe5 Qxb3 $16) (37. c5 $1 $18) 37... Qc1 (37... Qa1 $16 {keeps fighting.} 38. Rd8 Qa5) 38. Qxa7 $18 Qf1 (38... Qc3 {might work better.}) 39. Qe3 Qc1 40. c5 e4 41. Rc2 Qa3 $2 (41... Qxe3 42. fxe3 Rc6) 42. Qc3 Kh7 (42... Qa7 $142 43. Rxe4 Qc7+ 44. Kg1 Qc6) 43. Rxe4 {Precision: White = 60%, Black = 29%.} 1-0

[Event "Budapest Spring Festival 2018"]
[Site "Budapest"]
[Date "2018.04.21"]
[Round "4"]
[White "Repka, Christopher"]
[Black "Sedlak, Nikola"]
[Result "1-0"]
[WhiteElo "2521"]
[BlackElo "2604"]
[Annotator "TA"]
[PlyCount "151"]
[EventDate "2018.??.??"]
[EventType "swiss"]
[EventCountry "HUN"]
[SourceTitle "playchess.com"]
[Source "ChessBase"]
[SourceQuality "1"]

{[%evp 13,151,27,25,19,45,29,33,0,54,24,36,32,31,35,60,77,103,109,110,87,79,85,85,80,81,86,87,81,79,68,74,72,64,71,72,62,64,64,64,66,79,73,81,81,242,242,241,239,395,395,395,395,395,394,395,395,395,395,395,395,395,387,387,387,365,350,253,136,136,136,136,136,136,136,136,136,136,136,136,136,136,136,159,159,159,136,159,159,194,159,194,159,159,159,212,217,29962,29964,29963,29965,29965,29960,29955,29958,29956,29957,29953,29957,29953,29955,29946,29954,29965,29966,29968,29963,29964,29967,29967,29967,29968,29969,29972,29973,29972,29972,29972,29973,29982,29974,29974,29975,29975,29976,29974,29977,29977,29978,29977,29978]} 1. Nf3 d5 2. g3 Nc6 3. d4 Bf5 4. Bg2 Nb4 5. Na3 e6 6. O-O h6 {D02: 1 d4 d5 2 Nf3 sidelines, including 2...Nf6 3 g3 and 2...Nf6 3 Bf4} 7. c3 Nc6 {LiveBook: 11 Games} 8. Qb3 Rb8 {The position is equal.} 9. Ne5 $146 ({Predecessor:} 9. c4 Bxa3 10. bxa3 Be4 11. cxd5 exd5 12. Bf4 Nge7 13. Qc3 O-O 14. a4 {1-0 (48) Fressinet,L (2702)-Socko,B (2599) Berlin 2015}) 9... Nge7 10. Rd1 g5 ({Better is} 10... b5 $11 11. Nd3 (11. Nxb5 a6 $17) 11... Ng6) 11. c4 Bg7 12. cxd5 exd5 13. Nxc6 Nxc6 14. Bxd5 O-O 15. Be3 Bg4 16. Bf3 Bxf3 17. exf3 Nxd4 18. Bxd4 Bxd4 19. Nb5 c5 20. Nxd4 (20. Nxa7 Qf6 $11) 20... cxd4 21. Qa4 d3 22. Qb3 d2 23. Qc3 Rc8 24. Qxd2 ({Of course not} 24. Rxd2 Rxc3 25. Rxd8 Rxd8 $11) 24... Qxd2 25. Rxd2 $16 {[%mdl 4096] Endgame KRR-KRR} Rfd8 26. Rad1 Rxd2 27. Rxd2 $14 {KR-KR} Rc1+ 28. Kg2 a6 $2 (28... Ra1 $16) 29. Rd7 $18 b5 30. Rd6 Rc2 $2 (30... Kg7 {was called for.} 31. Rxa6 Rb1) 31. Rxh6 a5 32. Ra6 a4 33. b3 Rxa2 34. Ra5 f6 35. Rxb5 a3 36. Rb7 Rb2 37. b4 $1 {[%cal Rb4b5]} a2 38. Ra7 Rxb4 39. Rxa2 Kg7 40. f4 (40. Ra7+ $18 Kg6 41. Ra5) 40... gxf4 $16 41. g4 $1 {aiming for h4.} f5 42. Kf3 fxg4+ 43. Kxg4 Kf6 44. f3 Kg6 45. h4 Kg7 46. Kg5 Rb5+ 47. Kxf4 Rb4+ 48. Kg5 Rb5+ 49. Kg4 Rb4+ 50. f4 Rb6 51. Ra5 Kh7 52. Kg5 Rg6+ 53. Kf5 $1 Rb6 (53... Rg2 $16 54. Ke6 Rg6+ 55. Kf5 Rc6) 54. Re5 $18 Rb4 $2 (54... Rb8 $18 55. Kg5 Rg8+ 56. Kh5 Rg2 57. Re7+ Kg8) 55. Kg5 {White mates.} Rb7 56. f5 Kg8 57. Kg6 {[%cal Re5e8]} Rg7+ 58. Kf6 Rf7+ {[#]} 59. Ke6 $1 Kg7 60. Rd5 Rf6+ 61. Ke5 Rf7 {[#]} 62. Kf4 $1 {[%cal Rf4g5]} Kg8 63. Rd8+ Kh7 64. Rd4 Kg7 65. Kg5 Ra7 66. h5 {[%cal Bh4h5,Bh5h6][%mdl 32]} Kh7 67. h6 Rb7 68. Re4 Ra7 69. Re5 Ra1 70. Re7+ Kh8 71. Kg6 {[%cal Re7e8]} Rg1+ 72. Kf7 Kh7 73. f6 {[%cal Bf5f6,Bf6f7][%mdl 32]} Ra1 74. Kf8+ Kxh6 75. f7 Kh7 76. Re2 {Precision: White = 81%, Black = 46%.} 1-0

[Event "Budapest Spring Festival 2018"]
[Site "Budapest"]
[Date "2018.04.21"]
[Round "4"]
[White "Gonda, Laszlo"]
[Black "Hauge, Lars Oskar"]
[Result "1-0"]
[WhiteElo "2510"]
[BlackElo "2441"]
[Annotator "TA"]
[PlyCount "145"]
[EventDate "2018.??.??"]
[EventType "swiss"]
[EventCountry "HUN"]
[SourceTitle "playchess.com"]
[Source "ChessBase"]
[SourceQuality "1"]

{[%evp 21,145,20,14,0,11,0,51,0,0,0,0,0,0,0,0,0,0,-20,0,0,14,0,0,0,12,14,76,76,76,76,75,58,92,92,92,92,92,92,92,92,92,92,92,92,105,92,100,92,114,114,114,114,114,114,114,0,35,0,114,114,165,157,195,121,139,104,150,150,146,135,158,163,183,105,194,194,241,230,208,210,210,224,175,151,151,144,143,153,154,154,145,130,150,149,141,130,166,166,168,158,433,456,472,445,500,497,588,589,539,534,533,525,525,510,10413,2432,2127,1109,29977,29978,29977,29978,29978,29979,29977,29978]} 1. Nf3 Nf6 2. g3 g6 3. Bg2 Bg7 4. c4 O-O 5. d4 c5 6. Nc3 cxd4 7. Nxd4 Qc7 {E60: King's Indian: Unusual lines and Fianchetto Variation without Nc3} 8. Nd5 Nxd5 9. cxd5 Qb6 10. Nb3 d6 11. O-O Qa6 {LiveBook: 8 Games} 12. a4 Qc4 13. Bg5 $146 ({Find the theoretical novelty and annotate with similar games:} 13. Nd2 Qb4 14. Ra2 Na6 15. b3 {1-0 (97) Cori Tello,J (2641)-Jones,G (2660) Tbilisi 2017}) 13... Bxb2 (13... Re8 $11) 14. Rb1 (14. Bxe7 $14 Re8 15. Rb1) 14... Bf6 $11 15. Bxf6 exf6 16. Qd4 Qxd4 17. Nxd4 Na6 18. Nb5 Rd8 19. Rfc1 Kf8 20. a5 $36 {[%mdl 2048] White is more active.} f5 21. f4 Ke7 22. Rb3 Nc5 23. Re3+ Kf6 (23... Kf8 $1 $11 {remains equal.}) 24. Nc7 $16 Bd7 {[#] Hoping for ...Rac8.} 25. Nxa8 Rxa8 26. Rb1 Rc8 27. Rb4 Rc7 28. Bf3 Rc8 29. Kf2 Rc7 30. Ke1 Kg7 31. Kd2 Kf8 32. Rc3 Bc8 33. Ke3 Ke7 34. Kd4 Kd8 35. e4 fxe4 36. Bxe4 Re7 {[%csl Gc5][%cal Re7e4]} 37. Re3 Rc7 38. Rc3 (38. Bc2 $16) 38... Re7 $1 $14 {[%csl Gc5][%cal Re7e4]} 39. Re3 ({White should play} 39. Bd3 $14) 39... Rc7 $1 $16 40. Bc2 Bh3 (40... f5 $16 41. Rb1 Nd7) 41. Rb1 $18 Bd7 42. Rc3 (42. f5 $18) 42... Ke7 43. Bd3 Kf6 44. Bb5 Bxb5 45. Rxb5 $16 {[%mdl 4096] Endgame KRR-KRN} h5 46. Rb1 Kf5 47. Re1 (47. Rxc5 $18 dxc5+ 48. Kc4) 47... Kf6 (47... b6 $16 {was worth a try.}) 48. Re8 $18 b6 49. axb6 axb6 50. Rd8 Ke7 51. Rb8 Ra7 52. Rxb6 Ra2 53. Re3+ Kd7 54. Rb8 Rd2+ 55. Kc3 Rxd5 56. Ra8 Ne6 57. Ra7+ Ke8 58. Rd3 Rc5+ 59. Kd2 Rc6 60. Rb3 Nd8 $2 (60... Nc7 $16 61. Rbb7 Kd7) 61. Rb8 d5 62. Kd3 Rd6 63. Kd4 Rd7 64. Rxd7 Kxd7 65. Kxd5 {KR-KN} Ke7 {[#]} 66. f5 $1 gxf5 67. Ra8 h4 (67... Ne6 $142 68. Ke5 f4 69. gxf4 h4 70. Ra7+ Kf8) 68. gxh4 Ne6 69. Ke5 f4 70. Ra7+ {White mates.} Ke8 71. Kf6 f3 72. Re7+ Kd8 73. Rxf7 {Precision: White = 75%, Black = 46%.} 1-0

[Event "Budapest Spring Festival 2018"]
[Site "Budapest"]
[Date "2018.04.21"]
[Round "4"]
[White "Kotronias, Vasilios"]
[Black "Bryzgalin, Kirill"]
[Result "1-0"]
[WhiteElo "2509"]
[BlackElo "2440"]
[Annotator "TA"]
[PlyCount "116"]
[EventDate "2018.??.??"]
[EventType "swiss"]
[EventCountry "HUN"]
[SourceTitle "playchess.com"]
[Source "ChessBase"]
[SourceQuality "1"]

{[%evp 26,116,20,28,58,13,39,25,26,19,14,35,54,52,60,62,68,50,83,67,94,79,88,91,100,67,68,49,62,74,77,68,97,35,36,43,37,41,71,24,31,23,37,18,26,22,27,16,23,0,0,0,0,-6,-8,-22,0,0,0,0,0,0,0,0,9,8,12,0,0,0,6,8,15,7,6,6,6,8,6,6,9,14,207,191,512,473,29973,29975,29975,29976,29976,29976,29977]} 1. e4 e5 2. Nf3 Nc6 3. Bb5 a6 4. Ba4 Nf6 5. O-O Be7 6. Re1 b5 7. Bb3 O-O 8. h3 d6 9. c3 Na5 10. Bc2 c5 11. d4 Qc7 12. Nbd2 cxd4 13. cxd4 Bd7 14. Nf1 {LiveBook: 472 Games. C99: Closed Ruy Lopez: Chigorin Defence: 11 d4 Qc7 12 Nbd2 cxd4} Rfe8 (14... Rac8 15. Re2 Rfe8 16. Ng3 Bd8 17. b3 Nc6 18. Bb2 Qa7 19. d5 Nb4 20. Bb1 a5 21. a3 Na6 22. b4 Qb7 23. Qd2 axb4 24. axb4 {1-0 (39) Hou,Y (2649)-Short,N (2670) Hoogeveen 2016}) 15. Ng3 h6 (15... Rac8 $5 {[%cal Rc7c2]} 16. Bd3 exd4 $11) 16. b3 {White is slightly better.} Rac8 17. Re2 {[%cal Be1e2,Be2d2,Bd2d1][%mdl 32]} Nc6 $146 ({Predecessor:} 17... Bd8 18. Ba3 Nc6 19. d5 Ne7 20. Rc1 Qb8 21. Bd3 Bb6 22. Rec2 {1-0 (59) Charles,D (1629)-Blackmore,M Devonport 2016}) 18. Bb2 Qb8 19. Rd2 exd4 20. Nxd4 Nxd4 21. Bxd4 Rc6 22. Qf3 Rec8 23. Bd3 Rc1+ 24. Rd1 Rxa1 25. Rxa1 (25. Bxa1 {is more complex.} Qc7 26. Bb1 Qc5 27. Bd4 Qa3 28. Ne2) 25... Rc6 26. Re1 Qc8 27. Qe3 Bd8 28. Kh2 Qb8 29. f4 ({Better is} 29. Qd2 $16) 29... Bb6 $14 30. e5 dxe5 $1 31. fxe5 Ne8 32. Be4 Bxd4 33. Qxd4 Rc7 34. Bb1 Be6 35. Qe4 g6 36. Qf4 Kg7 37. Re3 Rc5 38. h4 Qd8 39. Rf3 {With the idea Bxg6.} Qc7 40. Re3 $1 Qd8 41. h5 {Black should prevent hxg6.} Qg5 $1 {[%cal Rg5f4]} 42. Qxg5 hxg5 43. hxg6 fxg6 44. Ne2 Bf5 45. Nd4 Bc8 46. a3 Nc7 47. b4 Rc4 48. Rd3 Ne6 49. Nxe6+ Bxe6 $11 {[%mdl 4096] Endgame KRB-KRB} 50. Rd6 Bf5 51. Bxf5 gxf5 52. Rxa6 {KR-KR} Re4 53. Ra5 Rxe5 $2 {[#]} (53... Re3 $1 $11 {and Black has nothing to worry.}) 54. a4 $18 {[%cal Ba3a4,Ba4b5][%mdl 32]} Kf6 $2 (54... Kg6 55. Rxb5 (55. axb5 Re4 $11) 55... Re1) 55. Rxb5 Rxb5 (55... Re2 $18 56. a5 Ra2) 56. axb5 {White mates.} Ke6 {[#]} 57. Kg3 $1 {[%cal Rg3f3]} Ke5 58. Kf3 Kd5 {Precision: White = 64%, Black = 46%.} 1-0

[Event "Budapest Spring Festival 2018"]
[Site "Budapest"]
[Date "2018.04.21"]
[Round "4"]
[White "Korpa, Bence"]
[Black "Onischuk, Vladimir"]
[Result "1/2-1/2"]
[WhiteElo "2499"]
[BlackElo "2630"]
[Annotator "TA"]
[PlyCount "49"]
[EventDate "2018.??.??"]
[EventType "swiss"]
[EventCountry "HUN"]
[SourceTitle "playchess.com"]
[Source "ChessBase"]
[SourceQuality "1"]

{[%evp 20,49,0,0,0,0,0,0,0,0,0,0,0,0,0,0,0,0,0,0,0,0,0,0,0,-108,0,0,0,0,0,0]} 1. e4 d6 2. d4 Nf6 3. Nc3 g6 4. f4 Bg7 5. Nf3 O-O 6. e5 dxe5 7. fxe5 Nd5 8. Bc4 Nxc3 9. bxc3 c5 10. O-O {B09: Pirc Defence: Austrian Attack} Bg4 11. Qd3 {LiveBook: 3 Games. Black must now prevent Ng5.} Nc6 {Threatening ...cxd4.} 12. Ng5 e6 {[%cal Rc5d4]} 13. Qg3 $1 {[%cal Rg3g4]} Bf5 $1 14. Rxf5 ({Much worse is} 14. Qh4 h6 $17) 14... exf5 15. e6 $1 {[%cal Re6f7] [#]} Bxd4+ $1 16. Kf1 $1 (16. cxd4 Qxd4+) 16... Be5 17. Bf4 Bxf4 {[#]} 18. Qxf4 $146 {[%cal Re6f7]} ({Predecessor:} 18. exf7+) 18... fxe6 19. Nxe6 Qf6 {Strongly threatening ...Rfe8.} 20. Nxf8+ Kxf8 21. Re1 Qxc3 22. Qh6+ Qg7 23. Qe3 {The position is equal.} Qd4 24. Qh6+ Qg7 25. Qe3 1/2-1/2

[Event "Budapest Spring Festival 2018"]
[Site "Budapest"]
[Date "2018.04.21"]
[Round "4"]
[White "Galyas, Miklos"]
[Black "Gledura, Benjamin"]
[Result "1/2-1/2"]
[WhiteElo "2495"]
[BlackElo "2616"]
[Annotator "TA"]
[PlyCount "43"]
[EventDate "2018.??.??"]
[EventType "swiss"]
[EventCountry "HUN"]
[SourceTitle "playchess.com"]
[Source "ChessBase"]
[SourceQuality "1"]

{[%evp 27,33,0,38,0,12,4,9,8]} 1. d4 Nf6 2. c4 e6 3. Nc3 d5 4. cxd5 Nxd5 5. Nf3 c5 6. e4 Nxc3 7. bxc3 cxd4 8. cxd4 Bb4+ 9. Bd2 Bxd2+ 10. Qxd2 O-O 11. Bc4 Nc6 12. O-O b6 13. Rac1 Bb7 14. Rfd1 Rc8 {LiveBook: 3 Games. D41: Queen's Gambit Declined: Semi-Tarrasch with 5 cxd5} 15. Qe2 Qe7 (15... Na5 16. Ba6 Qe7 17. h4 h6 18. g3 Bxa6 19. Qxa6 Rxc1 20. Rxc1 Qa3 21. Rc8 Qxf3 22. Rxf8+ Kxf8 23. Qxa7 {0-1 (30) Fridman,D (2594)-Golod,V (2552) playchess.com INT 2004}) 16. d5 exd5 17. Bxd5 {Predecessor:} Na5 $146 18. Qb5 Rfd8 19. Rxc8 Rxc8 20. Bxb7 Nxb7 21. e5 h6 22. h3 {0-1 (46) Villar de Sa,A (2065)-Bissacot,S (2205) Brasilia 2006} 1/2-1/2